Thekkan kattu (Record no. 17827)
[ view plain ]
| 000 -LEADER | |
|---|---|
| fixed length control field | 00232nam a22001097a 4500 |
| 003 - CONTROL NUMBER IDENTIFIER | |
| control field | OSt |
| 008 - FIXED-LENGTH DATA ELEMENTS--GENERAL INFORMATION | |
| fixed length control field | 231114b |||||||| |||| 00| 0 eng d |
| 041 ## - LANGUAGE CODE | |
| Language code of text/sound track or separate title | mal |
| 100 ## - MAIN ENTRY--AUTHOR NAME | |
| Personal name | Varkey, Muttathu |
| 245 ## - TITLE STATEMENT | |
| Title | Thekkan kattu |
| 942 ## - ADDED ENTRY ELEMENTS (KOHA) | |
| Koha item type | Books |
| Withdrawn status | Lost status | Damaged status | Home library | Current library | Date acquired | Accession Number | Koha item type |
|---|---|---|---|---|---|---|---|
| Withdrawn | KAUAET | Malayalam University | 14/11/2023 | 9528 | Books |
